MARC

LEADER 00000nam0a2200000 4500
001 151208
005 20231101221537.0
035 |a (RuTPU)RU\TPU\book\163943 
090 |a 151208 
100 |a 20090121d1983 km y0rusy50 ca 
101 0 |a rus 
102 |a RU 
105 |a a z 001zb 
200 1 |a Альберт Эйнштейн: творец и бунтарь  |e пер. с англ.  |f Б. Хофман, Э. Дюкас  |g пер. Н. И. Войскунская ; пер. И. С. Хорол ; под ред. Ю. А. Данилова ; Б. Г. Кузнецова 
210 |a Москва  |c Прогресс  |d 1983 
215 |a 216 с.  |c ил. 
320 |a Указ. имен. и предм.: с. 206 - 215. 
600 1 |a Эйнштейн  |g Альберт  |b А.  |c немецкий физик-теоретик  |c Нобелевский лауреат  |f 1879-1955  |2 stltpush  |3 (RuTPU)RU\TPU\pers\817 
606 1 |a Физики  |x Персоналии  |2 stltpush  |3 (RuTPU)RU\TPU\subj\67452  |9 83245 
606 1 |a Физическая наука  |x История  |2 stltpush  |3 (RuTPU)RU\TPU\subj\63824  |9 80761 
610 1 |a физическая наука 
610 1 |a история 
610 1 |a зарубежные страны 
610 1 |a теория относительности 
610 1 |a свет 
610 1 |a фотоэлектрические эффекты 
675 |a 53(092)  |v 3 
675 |a 53(09)  |v 3 
700 1 |a Хофман  |b Б. 
701 1 |a Дюкас  |b Э. 
702 1 |a Войскунская  |b Н. И.  |4 730 
702 1 |a Хорол  |b И. С.  |4 730 
702 1 |a Данилов  |b Ю. А.  |4 340 
702 1 |a Кузнецов  |b Б. Г.  |4 340 
801 1 |a RU  |b 63413507  |c 20090121  |g PSBO 
801 2 |a RU  |b 63413507  |c 20191225  |g PSBO 
942 |c BK